[Event "Sparkassen-Open A"]
[Site "Heusenstamm, Martinsee"]
[Date "2019.11.21"]
[Round "1.100"]
[White "Marzec, Witold"]
[Black "Artola Pola, Gerardo"]
[Result "0-1"]
[WhiteElo "1711"]
[BlackElo "2006"]
[PlyCount "101"]
[EventDate "2019.??.??"]
[WhiteTeam "vereinslos"]
[BlackTeam "Frankfurter TV"]

1. c4 Nf6 2. Nc3 d5 3. cxd5 Nxd5 4. d4 g6 5. e4 Nxc3 6. bxc3 Bg7 7. Nf3 c5 8.
Bb5+ Bd7 9. Qb3 Nc6 10. Bxc6 Bxc6 11. d5 Bd7 12. O-O b5 13. Rb1 O-O 14. c4 b4
15. Be3 Qc7 16. a4 f5 17. e5 f4 18. Bc1 Bf5 19. Rb2 Bg4 20. Re2 Bxf3 21. Qxf3
Bxe5 22. Bb2 Bxb2 23. Rxb2 Rab8 24. Re1 Qd7 25. Qd1 Rb6 26. Rbe2 Rf7 27. Re6
Rb7 28. Qb3 Rb6 29. Rxb6 axb6 30. Re6 Rf6 31. Re4 e6 32. Qh3 Qxa4 33. Re1 exd5
34. Qc8+ Rf8 35. Qe6+ Rf7 36. Qc8+ Kg7 37. cxd5 b3 38. Qb8 Qd7 39. Qe5+ Kh6 40.
d6 Qf5 41. Qc3 Rd7 42. Qxb3 Rxd6 43. f3 Qd5 44. Qb5 c4 45. Qe8 Qc5+ 46. Kh1 Rd4
47. h3 c3 48. Kh2 Qf5 49. Re5 Qd7 50. Qf8+ Qg7 51. Re1 0-1

[Event "Sparkassen-Open A"]
[Site "Heusenstamm, Martinsee"]
[Date "2019.11.21"]
[Round "1.101"]
[White "Chassard, Cedric"]
[Black "Cristino, Gregory"]
[Result "1-0"]
[WhiteElo "2037"]
[BlackElo "1717"]
[PlyCount "71"]
[EventDate "2019.??.??"]
[WhiteTeam "SV Riegelsberg"]
[BlackTeam "T.A.L."]

1. e4 c5 2. Nf3 d6 3. Bb5+ Nc6 4. O-O e5 5. Re1 Nf6 6. c3 Bg4 7. d4 cxd4 8.
cxd4 exd4 9. e5 dxe5 10. Nxe5 Be6 11. Nxc6 bxc6 12. Bxc6+ Nd7 13. Bxa8 Qxa8 14.
Qxd4 Be7 15. Be3 Bf6 16. Qb4 Be7 17. Qa5 O-O 18. Qxa7 Qe4 19. Nc3 Qg6 20. Qd4
Rc8 21. Qe4 f5 22. Qd3 Ne5 23. Qe2 Bc4 24. Qd1 Rd8 25. Qa4 Bd3 26. Kh1 Ng4 27.
h3 Qh5 28. Bb6 Bd6 29. Qd4 Ba6 30. Bxd8 Bb7 31. Kg1 Bh2+ 32. Kf1 Ba6+ 33. Ne2
Be5 34. Qd5+ Kf8 35. Qa8 Bxe2+ 36. Rxe2 1-0

[Event "Sparkassen-Open A"]
[Site "Heusenstamm, Martinsee"]
[Date "2019.11.21"]
[Round "1.102"]
[White "Schwegler, Jelena"]
[Black "Burkhardt, Holger"]
[Result "0-1"]
[WhiteElo "1513"]
[BlackElo "2036"]
[PlyCount "64"]
[EventDate "2019.??.??"]
[WhiteTeam "SK Bad Homburg"]
[BlackTeam "SK Gießen"]

1. e4 d6 2. d4 Nf6 3. Nc3 e5 4. dxe5 dxe5 5. Qxd8+ Kxd8 6. Be3 Be6 7. O-O-O+
Nbd7 8. Nf3 Ng4 9. Ng5 Nxe3 10. Nxe6+ fxe6 11. fxe3 Bc5 12. Rd3 Ke7 13. Be2 Nf6
14. Rhd1 Rad8 15. Rxd8 Bxe3+ 16. Kb1 Rxd8 17. Rxd8 Kxd8 18. Bd3 Ke7 19. Nd1 Bg1
20. h3 Nh5 21. Kc1 Kf6 22. Kd2 Kg5 23. Ne3 Kf4 24. Nc4 Bb6 25. Nxb6 cxb6 26.
Bc4 Kg3 27. Bxe6 Kxg2 28. Ke3 Nf4 29. Bg8 h5 30. Bd5 Nxh3 31. Bxb7 Nf4 32. Bc8
h4 0-1

[Event "Sparkassen-Open A"]
[Site "Heusenstamm, Martinsee"]
[Date "2019.11.21"]
[Round "1.103"]
[White "Weiss, Matthias"]
[Black "Pohle, Saskia"]
[Result "1-0"]
[WhiteElo "2036"]
[BlackElo "1695"]
[PlyCount "27"]
[EventDate "2019.??.??"]
[WhiteTeam "SF Schöneck"]
[BlackTeam "Muldental Wilkau-Haßlau"]

1. e4 e5 2. Nf3 Nc6 3. Nc3 Nf6 4. d4 exd4 5. Nxd4 Bc5 6. Nxc6 bxc6 7. Bd3 a5 8.
O-O O-O 9. e5 Nd5 10. Ne4 Ba7 11. Qh5 d6 12. Bg5 Qd7 13. Nf6+ Nxf6 14. exf6 1-0

[Event "Sparkassen-Open A"]
[Site "Heusenstamm, Martinsee"]
[Date "2019.11.21"]
[Round "1.104"]
[White "Hartmann, Egon"]
[Black "Von Auer, Ulrich"]
[Result "0-1"]
[WhiteElo "1694"]
[BlackElo "2033"]
[PlyCount "88"]
[EventDate "2019.??.??"]
[WhiteTeam "SF Forst"]
[BlackTeam "SF Frankfurt"]

1. d4 Nf6 2. c4 g6 3. Nf3 Bg7 4. g3 d5 5. Bg2 dxc4 6. Qa4+ Nfd7 7. Qxc4 Nc6 8.
e3 Nb6 9. Qe2 O-O 10. O-O e5 11. dxe5 Nxe5 12. Nxe5 Bxe5 13. Na3 c6 14. Rb1 Be6
15. b3 Nd5 16. Bb2 Nc3 17. Bxc3 Bxc3 18. Rfd1 Qe7 19. Nc4 Rad8 20. Nd2 Bg7 21.
Nc4 h5 22. h3 Rxd1+ 23. Rxd1 Rd8 24. Na5 Rxd1+ 25. Qxd1 Bc3 26. Nc4 b5 27. Qd6
Qxd6 28. Nxd6 Kf8 29. Bxc6 b4 30. h4 Ke7 31. Ne4 Bf5 32. Ng5 Bb1 33. Bd5 Bxa2
34. Ne4 a5 35. Bc4 a4 36. Nc5 a3 37. Bd3 Kd6 38. Ne4+ Ke5 39. Bc2 Bxb3 40. Bxb3
Kxe4 41. Bxf7 Kd3 42. Bb3 Bf6 43. Kf1 Kc3 44. Bf7 b3 0-1

[Event "Sparkassen-Open A"]
[Site "Heusenstamm, Martinsee"]
[Date "2019.11.21"]
[Round "1.105"]
[White "Zweschper, Erich"]
[Black "Niedenthal, Robert"]
[Result "1-0"]
[WhiteElo "2029"]
[BlackElo "1686"]
[PlyCount "43"]
[EventDate "2019.??.??"]
[WhiteTeam "SV Kelsterbach"]
[BlackTeam "SV Hofheim"]

1. d4 Nf6 2. Nf3 c5 3. d5 e6 4. c4 b5 5. a4 bxc4 6. Nc3 Bb7 7. e4 d6 8. Bxc4 e5
9. O-O Be7 10. Nd2 O-O 11. Qe2 a5 12. Ra3 Na6 13. Nb5 Nb4 14. Rg3 g6 15. f4
exf4 16. Rxf4 Ne8 17. Qf1 Bf6 18. Rgf3 Bd4+ 19. Nxd4 cxd4 20. Rxf7 Rxf7 21.
Rxf7 Ng7 22. Rxb7 1-0

[Event "Sparkassen-Open A"]
[Site "Heusenstamm, Martinsee"]
[Date "2019.11.21"]
[Round "1.106"]
[White "Krischak, Werner"]
[Black "Pfeffer, Marko"]
[Result "0-1"]
[WhiteElo "1684"]
[BlackElo "2027"]
[PlyCount "80"]
[EventDate "2019.??.??"]
[WhiteTeam "SK Marburg"]
[BlackTeam "SC Bergen-Enkheim"]

1. d4 Nf6 2. Nf3 d5 3. c4 e6 4. Nc3 Be7 5. cxd5 exd5 6. Bg5 c6 7. e3 O-O 8. Qc2
Nbd7 9. Bd3 Re8 10. O-O Nf8 11. a3 Ng6 12. b4 a6 13. Rab1 Bg4 14. Nd2 Nh5 15.
Bxe7 Qxe7 16. Bxg6 hxg6 17. Rfe1 Qg5 18. e4 Nf4 19. Re3 dxe4 20. Ndxe4 Qd8 21.
Rbe1 Ne6 22. Qd2 Rf8 23. h3 Bf5 24. Rd1 Nf4 25. Rde1 a5 26. b5 cxb5 27. Nxb5
Nd5 28. R3e2 Ra6 29. Ng5 Rc6 30. Rc1 Bd3 31. Rxc6 Bxb5 32. Rc5 Bxe2 33. Qxe2
Qxg5 34. Qb5 Rd8 35. Qxb7 Qe7 36. Rxd5 Qxb7 37. Rxd8+ Kh7 38. d5 Qc7 39. Ra8
Qc1+ 40. Kh2 Qxa3 0-1

[Event "Sparkassen-Open A"]
[Site "Heusenstamm, Martinsee"]
[Date "2019.11.21"]
[Round "1.107"]
[White "Syed, Tareq"]
[Black "Müller, Maurice-Pascal"]
[Result "1-0"]
[WhiteElo "2027"]
[BlackElo "1683"]
[PlyCount "79"]
[EventDate "2019.??.??"]
[WhiteTeam "SC Brett vorm Kopp"]
[BlackTeam "SC Landskrone"]

1. d3 c5 2. g3 g6 3. Bg2 Bg7 4. c4 Nf6 5. Nc3 Nc6 6. Rb1 O-O 7. Bg5 d6 8. Qc1
Re8 9. a3 Bd7 10. b4 cxb4 11. axb4 a6 12. Nf3 Ng4 13. h3 Nge5 14. Nxe5 Bxe5 15.
Bf4 Bg7 16. Bh6 e5 17. h4 Be6 18. h5 Bxh6 19. Qxh6 Qf6 20. Ne4 Qg7 21. Qxg7+
Kxg7 22. h6+ Kh8 23. Nxd6 Re7 24. Nxb7 Nd4 25. Nc5 Rae8 26. Kd2 Bc8 27. e3 Ne6
28. Nxe6 Rxe6 29. Bd5 R6e7 30. Ra1 Rd8 31. Ra5 e4 32. d4 Rc7 33. Rha1 Kg8 34.
Rxa6 Bxa6 35. Rxa6 Kf8 36. b5 Rcc8 37. Ra7 Rxd5 38. cxd5 Rb8 39. d6 Rxb5 40.
Ra8+ 1-0

[Event "Sparkassen-Open A"]
[Site "Heusenstamm, Martinsee"]
[Date "2019.11.21"]
[Round "1.108"]
[White "Renger, Jürgen"]
[Black "Richter, Gerald"]
[Result "1-0"]
[WhiteElo "1682"]
[BlackElo "2024"]
[PlyCount "73"]
[EventDate "2019.??.??"]
[WhiteTeam "Sges Bensheim"]
[BlackTeam "Siegener SV"]

1. d4 Nf6 2. c4 e6 3. g3 d5 4. Nf3 Bb4+ 5. Bd2 Be7 6. Bg2 Nc6 7. cxd5 Nxd5 8.
O-O O-O 9. Nc3 Nb6 10. Bf4 a6 11. e4 Nc4 12. b3 Nb6 13. Rc1 Ba3 14. Rc2 Nb4 15.
Rd2 c6 16. Nb1 Nxa2 17. Rxa2 Bb4 18. Bg5 f6 19. Be3 Bd7 20. Qc2 Rc8 21. Nbd2
Be8 22. Nc4 Nd7 23. Bd2 Be7 24. Bf4 Nb6 25. Bh3 Bf7 26. Qe2 Na8 27. d5 cxd5 28.
exd5 b5 29. dxe6 Bg6 30. Rd1 bxc4 31. Rxd8 Rfxd8 32. bxc4 Bd3 33. Qe1 Bxc4 34.
Rd2 Nb6 35. Rxd8+ Rxd8 36. Bf1 Kf8 37. Bc7 1-0

[Event "Sparkassen-Open A"]
[Site "Heusenstamm, Martinsee"]
[Date "2019.11.21"]
[Round "1.109"]
[White "Altenbernd, Jannis-Domenik"]
[Black "Schreidl, Michael"]
[Result "1-0"]
[WhiteElo "2022"]
[BlackElo "1643"]
[PlyCount "57"]
[EventDate "2019.??.??"]
[WhiteTeam "SG Bünde"]
[BlackTeam "SK Frankenthal"]

1. d4 d5 2. c4 e6 3. Nc3 Nf6 4. cxd5 exd5 5. Bg5 Be7 6. e3 c6 7. Bd3 Nbd7 8.
Nge2 O-O 9. Bh4 Re8 10. f3 Nh5 11. Bf2 g6 12. O-O Bg5 13. e4 dxe4 14. fxe4 Nf8
15. Qb3 Qc7 16. d5 Nf4 17. Nxf4 Bxf4 18. g3 Be5 19. Kg2 Bg4 20. h3 Bd7 21. Rac1
h5 22. Be3 Bxg3 23. d6 Qxd6 24. Qxf7+ Kh8 25. Bc4 Be6 26. Bxe6 Rxe6 27. Rcd1
Qc7 28. Bd4+ Be5 29. Qxc7 1-0

[Event "Sparkassen-Open A"]
[Site "Heusenstamm, Martinsee"]
[Date "2019.11.21"]
[Round "1.110"]
[White "Baumgarten, Fred"]
[Black "Özdemir, Ali Özden"]
[Result "0-1"]
[WhiteElo "1668"]
[BlackElo "2017"]
[PlyCount "44"]
[EventDate "2019.??.??"]
[WhiteTeam "SV Hennef"]
[BlackTeam "SK Langen"]

1. d4 Nf6 2. c4 g6 3. Nc3 Bg7 4. e4 d6 5. Nf3 O-O 6. Be3 e5 7. dxe5 dxe5 8.
Qxd8 Rxd8 9. Rd1 Re8 10. b4 a6 11. Nd5 Nxd5 12. cxd5 c6 13. d6 Be6 14. Rd2 h6
15. Bb6 Nd7 16. Bc7 Nf6 17. Nxe5 Nxe4 18. d7 Bxd7 19. Bc4 Be6 20. Re2 Nc3 21.
Re3 Bxc4 22. Nxc4 Nd5 0-1

[Event "Sparkassen-Open A"]
[Site "Heusenstamm, Martinsee"]
[Date "2019.11.21"]
[Round "1.111"]
[White "Vlassis, Georgios"]
[Black "Baumann, Dennis"]
[Result "1-0"]
[WhiteElo "2017"]
[BlackElo "1664"]
[PlyCount "65"]
[EventDate "2019.??.??"]
[WhiteTeam "SACH Thessaloniki"]
[BlackTeam "SF Schöneck"]

1. d4 Nf6 2. Nf3 d5 3. e3 e6 4. Bd3 c5 5. O-O c4 6. Be2 Bd6 7. b3 cxb3 8. axb3
b6 9. c4 Bb7 10. Nc3 O-O 11. Nb5 Nc6 12. Nxd6 Qxd6 13. Ne5 Rfc8 14. Ba3 Qc7 15.
f4 Ne7 16. Rc1 Qd8 17. Bd3 Nf5 18. Qe2 Nd6 19. c5 bxc5 20. dxc5 Qa5 21. Ra1
Nde4 22. b4 Qd8 23. Rfc1 Bc6 24. Nxc6 Rxc6 25. Ba6 Nd7 26. Bb7 Rac8 27. Bb2 Qc7
28. Bxc8 Qxc8 29. Rxa7 h6 30. Rca1 Qd8 31. Ra8 Rc8 32. Rxc8 Qxc8 33. Qa6 1-0

[Event "Sparkassen-Open A"]
[Site "Heusenstamm, Martinsee"]
[Date "2019.11.21"]
[Round "1.112"]
[White "Werner, Rosalie"]
[Black "Deutsch, Christoph"]
[Result "1-0"]
[WhiteElo "1592"]
[BlackElo "2014"]
[PlyCount "99"]
[EventDate "2019.??.??"]
[WhiteTeam "VSG Offenbach"]
[BlackTeam "SK Gründau"]

1. e4 e5 2. Nf3 Nc6 3. Bc4 Bc5 4. c3 Nf6 5. d4 exd4 6. e5 d5 7. Bb5 Ne4 8. cxd4
Bb6 9. O-O O-O 10. Bxc6 bxc6 11. Qc2 c5 12. dxc5 Bxc5 13. Be3 Bxe3 14. fxe3 Bf5
15. Qc6 Qd7 16. Nd4 Qxc6 17. Nxc6 Be6 18. Rd1 Rfe8 19. Nd2 Nc5 20. Nf3 Na4 21.
b3 Nc3 22. Rd3 Ne4 23. Nfd4 a6 24. Rc1 h6 25. Nf3 a5 26. Nfd4 Ra6 27. Nb5 Rxc6
28. Rxc6 Bd7 29. Nxc7 Bxc6 30. Nxe8 Bxe8 31. Rxd5 a4 32. b4 Kf8 33. b5 Nc3 34.
b6 Nxd5 35. b7 Nb4 36. b8=Q Nxa2 37. Qb2 Bd7 38. Qxa2 Kg8 39. Qd5 Be6 40. Qa8+
Kh7 41. Qxa4 Bf5 42. Kf2 g6 43. Qe8 Be6 44. Ke2 Kg7 45. Kd3 Bd5 46. g3 Be6 47.
Kd4 Bf5 48. Kd5 Be6+ 49. Kd6 Bf5 50. Ke7 1-0

[Event "Sparkassen-Open A"]
[Site "Heusenstamm, Martinsee"]
[Date "2019.11.21"]
[Round "1.113"]
[White "Woestmann, Ulrich"]
[Black "Perez Valero, Rodrigo Gael"]
[Result "1-0"]
[WhiteElo "2014"]
[BlackElo "1551"]
[PlyCount "61"]
[EventDate "2019.??.??"]
[WhiteTeam "SV Ahlen"]
[BlackTeam "VSG Offenbach"]

1. e4 c6 2. d4 d5 3. exd5 cxd5 4. c3 Nc6 5. Bf4 Bf5 6. Nf3 Nf6 7. Bb5 e6 8. Qa4
Qb6 9. c4 Bd3 10. Nbd2 Be7 11. Ne5 Bxc4 12. Ndxc4 dxc4 13. Nxc6 bxc6 14. Bxc6+
Kf8 15. Bxa8 Bb4+ 16. Kf1 h6 17. Be3 Bd6 18. Rc1 Ke7 19. d5 Qxb2 20. Qxa7+ Kf8
21. Bc6 Kg8 22. dxe6 fxe6 23. Qa8+ Kh7 24. Be4+ Nxe4 25. Qxe4+ g6 26. Rb1 Qa3
27. g3 c3 28. Rb7+ Be7 29. Qxe6 Re8 30. Qf7+ Kh8 31. Bd4+ 1-0

[Event "Sparkassen-Open A"]
[Site "Heusenstamm, Martinsee"]
[Date "2019.11.21"]
[Round "1.114"]
[White "Bobrowski, Damian"]
[Black "Junker, Christian"]
[Result "0-1"]
[WhiteElo "1617"]
[BlackElo "2011"]
[PlyCount "57"]
[EventDate "2019.??.??"]
[WhiteTeam "vereinslos"]
[BlackTeam "SV Neu-Isenburg"]

1. d4 f5 2. Bf4 e6 3. e3 Nf6 4. h3 Be7 5. Bd3 d5 6. Nd2 c6 7. g4 O-O 8. Ngf3
Ne4 9. Qe2 c5 10. gxf5 exf5 11. c3 Nc6 12. Rg1 c4 13. Bc2 b5 14. O-O-O b4 15.
Nxe4 fxe4 16. Bxe4 bxc3 17. Bxh7+ Kxh7 18. Ng5+ Bxg5 19. Qh5+ Kg8 20. Rxg5
cxb2+ 21. Kxb2 Rf7 22. Rdg1 Ne7 23. Be5 Nf5 24. Rg6 c3+ 25. Kc1 Bd7 26. Qf3 Qa5
27. Qe2 Qa3+ 28. Kb1 Rc8 29. Qc2 0-1

[Event "Sparkassen-Open A"]
[Site "Heusenstamm, Martinsee"]
[Date "2019.11.21"]
[Round "1.115"]
[White "Triebus, Bruno"]
[Black "Buchholz, Maja"]
[Result "1-0"]
[WhiteElo "1992"]
[BlackElo "1552"]
[PlyCount "63"]
[EventDate "2019.??.??"]
[WhiteTeam "SW Lichtenrade"]
[BlackTeam "SK Langen"]

1. e4 e6 2. d4 d5 3. Nc3 Nf6 4. e5 Nfd7 5. Nf3 c5 6. dxc5 Bxc5 7. Bd3 Nc6 8.
Bf4 Qb6 9. O-O Qxb2 10. Nb5 Bb6 11. Bd2 d4 12. Bc4 Ndxe5 13. Nxe5 Nxe5 14. Rb1
Qxb1 15. Qxb1 Nxc4 16. Bf4 e5 17. Re1 Ba5 18. Re2 f6 19. Qb3 Nb6 20. Nc7+ Ke7
21. Nxa8 Be6 22. Qa3+ Kd7 23. Qxa5 Rxa8 24. Bc1 Nc4 25. Qb5+ Kc7 26. Qc5+ Kd7
27. Ba3 Nxa3 28. Qxa3 Bc4 29. Re1 a5 30. f4 Ke6 31. Qc5 Bd5 32. f5+ 1-0

[Event "Sparkassen-Open A"]
[Site "Heusenstamm, Martinsee"]
[Date "2019.11.21"]
[Round "1.116"]
[White "Masoudi, Kian"]
[Black "Deuer, Marius"]
[Result "0-1"]
[WhiteElo "1606"]
[BlackElo "1985"]
[PlyCount "48"]
[EventDate "2019.??.??"]
[WhiteTeam "SF Frankfurt"]
[BlackTeam "SC Weiße Dame Ulm"]

1. e4 e5 2. Nf3 Nc6 3. Bb5 a6 4. Ba4 Nf6 5. O-O Be7 6. Qe2 b5 7. Bb3 O-O 8. c3
d5 9. d3 Bb7 10. exd5 Nxd5 11. Nbd2 Nf4 12. Qe4 Qxd3 13. Qxd3 Nxd3 14. Bd5 Na5
15. Be4 Bxe4 16. Nxe4 f5 17. Ng3 c5 18. a3 Nb3 19. Rb1 Nbxc1 20. Rfxc1 Nxc1 21.
Rxc1 e4 22. Ne5 Bd6 23. f4 Bxe5 24. fxe5 Rae8 0-1

[Event "Sparkassen-Open A"]
[Site "Heusenstamm, Martinsee"]
[Date "2019.11.21"]
[Round "1.117"]
[White "Fuß, Jean-Pierre"]
[Black "Lysakovskyi, Oleh"]
[Result "1-0"]
[WhiteElo "2008"]
[BlackElo "1559"]
[PlyCount "83"]
[EventDate "2019.??.??"]
[WhiteTeam "SV Turm Sankt Augustin"]
[BlackTeam "SV Neu-Isenburg"]

1. d4 Nf6 2. Nf3 g6 3. g3 Bg7 4. Bg2 d5 5. O-O O-O 6. c4 c6 7. Nc3 dxc4 8. Ne5
Nbd7 9. Nxc4 Nb6 10. Ne5 Qc7 11. Bf4 Qd8 12. a4 Nh5 13. Bc1 Bxe5 14. dxe5 Qxd1
15. Rxd1 Nc4 16. f4 Ng7 17. a5 b6 18. axb6 a5 19. b3 Nxb6 20. Be3 Nd5 21. Nxd5
cxd5 22. Bxd5 Rb8 23. Bc5 Nf5 24. e4 Rb5 25. Rac1 Rxc5 26. Rxc5 Ne3 27. Rdc1
Bh3 28. Rxa5 Nxd5 29. exd5 Rb8 30. Rc3 Bf5 31. Kf2 h5 32. Ke3 Rb4 33. Ra4 Rb5
34. Kd4 Kf8 35. b4 Ke8 36. Rc5 Rb8 37. Rca5 Rd8 38. Ra8 Bc8 39. b5 f6 40. b6
Bb7 41. Rxd8+ Kxd8 42. Rc4 1-0

[Event "Sparkassen-Open A"]
[Site "Heusenstamm, Martinsee"]
[Date "2019.11.21"]
[Round "1.118"]
[White "Herrmann, Gerhard"]
[Black "Weber, Jannis"]
[Result "0-1"]
[WhiteElo "1548"]
[BlackElo "1942"]
[PlyCount "102"]
[EventDate "2019.??.??"]
[WhiteTeam "SC Königsspringer Alzenau"]
[BlackTeam "SV Hennef"]

1. e4 c5 2. Nf3 d6 3. Bb5+ Nd7 4. O-O g6 5. c3 Bg7 6. d4 a6 7. Ba4 b5 8. Bc2
Bb7 9. Be3 Ngf6 10. Nbd2 O-O 11. h3 Re8 12. a4 e5 13. d5 Qc7 14. axb5 axb5 15.
b3 Rxa1 16. Qxa1 Ra8 17. Qb1 Nh5 18. c4 b4 19. Qd1 Nf8 20. Nh2 Bc8 21. Ng4 Qe7
22. f4 Nxf4 23. Bxf4 exf4 24. Rxf4 h5 25. Nh2 Ra1 26. Bb1 Bh6 27. Rf1 Bxh3 28.
gxh3 Qg5+ 29. Kh1 Qxd2 30. Qxd2 Bxd2 31. Nf3 Bc3 32. Kg2 Nd7 33. Bc2 Ra2 34.
Rf2 Kg7 35. Bb1 Ra1 36. Rf1 f6 37. Bc2 Ra2 38. Rf2 g5 39. Bb1 Ra1 40. Bc2 Nf8
41. Rf1 Ra2 42. Rf2 Ng6 43. Bd1 Nf4+ 44. Kf1 Ra1 45. Rh2 Rxd1+ 46. Kf2 Kg6 47.
h4 g4 48. Ng1 Bd4+ 49. Kg3 Rxg1+ 50. Kxf4 Be5+ 51. Ke3 Bxh2 0-1

[Event "Sparkassen-Open A"]
[Site "Heusenstamm, Martinsee"]
[Date "2019.11.21"]
[Round "1.119"]
[White "Faqiry, Ramat"]
[Black "Cramer, Lydia"]
[Result "0-1"]
[WhiteElo "1995"]
[BlackElo "1529"]
[PlyCount "72"]
[EventDate "2019.??.??"]
[WhiteTeam "SK Bad Homburg"]
[BlackTeam "ZSG Waltershausen"]

1. d4 Nf6 2. c4 e6 3. Nc3 d5 4. Nf3 Be7 5. g3 O-O 6. Bg2 dxc4 7. Ne5 c5 8. e3
Nbd7 9. Nxc4 Rb8 10. a4 a6 11. a5 b5 12. axb6 Nxb6 13. Ne5 Bb7 14. Bxb7 Rxb7
15. Rxa6 Nfd7 16. Nc6 Qe8 17. O-O Nb8 18. Nxe7+ Qxe7 19. Ra5 cxd4 20. exd4 Nc6
21. Rh5 Qf6 22. Qd3 g6 23. Rh4 Rd8 24. Qa6 Rbb8 25. Ne4 Qxd4 26. Ng5 Qd5 27.
Nxh7 Qf3 28. Ng5 Qd5 29. Qe2 Nd4 30. Qg4 e5 31. Ne4 Nd7 32. Bg5 f5 33. Bf6 fxg4
34. Rh8+ Kf7 35. Rh7+ Ke6 36. Re7+ Kf5 0-1

[Event "Sparkassen-Open A"]
[Site "Heusenstamm, Martinsee"]
[Date "2019.11.21"]
[Round "1.120"]
[White "Neuhoff, Laertes"]
[Black "Kürschner, Matthias"]
[Result "0-1"]
[WhiteElo "1461"]
[BlackElo "1993"]
[PlyCount "122"]
[EventDate "2019.??.??"]
[WhiteTeam "SG Leipzig"]
[BlackTeam "SK Langen"]

1. d4 c5 2. d5 Nf6 3. c4 b5 4. cxb5 a6 5. bxa6 Bxa6 6. Nc3 g6 7. e4 Bxf1 8.
Kxf1 d6 9. g3 Bg7 10. Kg2 Nbd7 11. Nf3 Qb6 12. Qc2 O-O 13. Re1 Ng4 14. b3 Rfb8
15. Bb2 c4 16. h3 cxb3 17. axb3 Rxa1 18. Bxa1 Nge5 19. Rb1 Qc5 20. Qe2 Nxf3 21.
Na4 Nd4 22. Nxc5 Nxe2 23. Nxd7 Rb7 24. Bxg7 Kxg7 25. Re1 Nd4 26. Rd1 Nb5 27. e5
Rxd7 28. e6 fxe6 29. dxe6 Rb7 30. b4 Kf6 31. Re1 Nc7 32. Rb1 Kxe6 33. Kf3 Rb5
34. Re1+ Kf6 35. Re4 e5 36. Ke2 Nd5 37. Kd3 Rxb4 38. Rxb4 Nxb4+ 39. Ke4 d5+ 40.
Ke3 Kf5 41. f3 d4+ 42. Ke2 e4 43. fxe4+ Kxe4 44. h4 h5 45. Kf2 d3 46. Ke1 Kf3
47. Kd2 Kxg3 48. Kc3 Kxh4 49. Kd2 Kg3 50. Ke3 h4 51. Kd2 h3 52. Ke3 h2 53. Kd2
Kf2 54. Kc3 Ke2 55. Kxb4 d2 56. Kc3 d1=Q 57. Kc4 Qd3+ 58. Kc5 h1=R 59. Kc6 Rc1+
60. Kb6 Qb3+ 61. Ka5 Ra1# 0-1

[Event "Sparkassen-Open A"]
[Site "Heusenstamm, Martinsee"]
[Date "2019.11.21"]
[Round "1.121"]
[White "Küpper, Martin"]
[Black "Goetz, Fenja"]
[Result "1-0"]
[WhiteElo "1991"]
[BlackElo "1490"]
[PlyCount "73"]
[EventDate "2019.??.??"]
[WhiteTeam "SC Fulda"]
[BlackTeam "SK Bad Homburg"]

1. Nf3 Nc6 2. d4 d5 3. c4 Nf6 4. cxd5 Nxd5 5. e4 Nb6 6. d5 Nb8 7. Nc3 g6 8. Qd4
Rg8 9. Be3 Bg7 10. Qd2 a6 11. Bd3 N8d7 12. O-O Ne5 13. Nxe5 Bxe5 14. f4 Bg7 15.
a4 Bd7 16. Qf2 Bxc3 17. bxc3 Nxa4 18. c4 Rf8 19. e5 Nb6 20. d6 Nc8 21. dxc7
Qxc7 22. Qh4 Rh8 23. Rae1 Na7 24. Rb1 Nc6 25. Bb6 Qc8 26. Rb2 Nd8 27. Rd2 Qc6
28. Qf2 Ne6 29. Qe3 Ng7 30. Rfd1 Nf5 31. Bxf5 gxf5 32. Rxd7 Qxd7 33. Rxd7 Kxd7
34. Qd4+ Kc6 35. Qc5+ Kd7 36. Qc7+ Ke8 37. Qxb7 1-0

[Event "Sparkassen-Open A"]
[Site "Heusenstamm, Martinsee"]
[Date "2019.11.22"]
[Round "2.1"]
[White "Scheitz, Michael"]
[Black "Kuzubov, Yuriy"]
[Result "0-1"]
[WhiteElo "2082"]
[BlackElo "2652"]
[PlyCount "100"]
[EventDate "2019.??.??"]
[WhiteTeam "Wiesbadener SV"]
[BlackTeam "Sfr. Bad Emstal/Wolfhagen"]

1. c4 e5 2. Nc3 Nc6 3. Nf3 Nf6 4. e3 Bb4 5. Qc2 O-O 6. Nd5 Be7 7. a3 d6 8. Bd3
h6 9. b4 Nxd5 10. cxd5 Nb8 11. Bb2 c6 12. Bc4 cxd5 13. Bxd5 Nd7 14. d4 Nf6 15.
Bb3 e4 16. Nd2 d5 17. f3 Bf5 18. O-O Rc8 19. Qb1 Qd7 20. f4 Ng4 21. Qe1 h5 22.
Nb1 Nh6 23. Nc3 Be6 24. Qe2 Nf5 25. Nxe4 h4 26. Nc5 Bxc5 27. dxc5 d4 28. Bxe6
Qxe6 29. e4 Ne3 30. Rf3 Qxe4 31. Re1 Rce8 32. Bxd4 Qxd4 33. Rxe3 Re4 34. Qf2
Rxf4 35. Rf3 Qxf2+ 36. Kxf2 Rc4 37. Rd3 a5 38. Rb3 Rd8 39. Re7 Rd2+ 40. Ke3
Rxg2 41. Rxb7 Rxh2 42. Kd3 Rc1 43. Kd4 axb4 44. axb4 Rd2+ 45. Ke4 Rc4+ 46. Ke5
f6+ 47. Ke6 Re4+ 48. Kf5 Rdd4 49. c6 Re5+ 50. Kg6 Rg5# 0-1

[Event "Sparkassen-Open A"]
[Site "Heusenstamm, Martinsee"]
[Date "2019.11.22"]
[Round "2.2"]
[White "Nikolov, Momchil"]
[Black "Iliev, Mustafa Batuhan"]
[Result "1-0"]
[WhiteElo "2559"]
[BlackElo "2017"]
[PlyCount "81"]
[EventDate "2019.??.??"]
[WhiteTeam "vereinslos"]
[BlackTeam "SV Großauheim"]

1. d4 f5 2. Nf3 Nf6 3. c4 g6 4. g3 Bg7 5. b4 c6 6. Nc3 O-O 7. Bg2 d5 8. Qb3 Kh8
9. cxd5 cxd5 10. b5 Be6 11. a4 Nbd7 12. a5 Rc8 13. O-O Ne4 14. Bb2 Bg8 15. e3
g5 16. Rfc1 g4 17. Ne1 e5 18. Ne2 Nd2 19. Qb4 Nc4 20. dxe5 Ndxe5 21. Bd4 Ra8
22. Nf4 Bf7 23. Rd1 Re8 24. Ned3 Qe7 25. Nxd5 Bxd5 26. Bxd5 Nxd3 27. Qxc4 Nb2
28. Bxb2 Bxb2 29. Rab1 Be5 30. Qd3 Qf6 31. a6 Rad8 32. axb7 h5 33. Qb3 Rf8 34.
Bc6 h4 35. Rxd8 Rxd8 36. Rd1 h3 37. Rxd8+ Qxd8 38. Qd5 Qe7 39. Kf1 Kg7 40. Bd7
Kf6 41. b8=Q 1-0

[Event "Sparkassen-Open A"]
[Site "Heusenstamm, Martinsee"]
[Date "2019.11.22"]
[Round "2.3"]
[White "Waffenschmidt, Joachim"]
[Black "Kunin, Vitaly"]
[Result "0-1"]
[WhiteElo "2042"]
[BlackElo "2549"]
[PlyCount "54"]
[EventDate "2019.??.??"]
[WhiteTeam "SV Hofheim"]
[BlackTeam "Freibauer Mörlenbach"]

1. d4 d5 2. c4 dxc4 3. Nf3 a6 4. e3 Bg4 5. Bxc4 e6 6. h3 Bh5 7. Nc3 Nc6 8. O-O
Nf6 9. Re1 Be7 10. a3 O-O 11. b4 Qe8 12. Bb2 Rd8 13. b5 Na5 14. Be2 Bxf3 15.
Bxf3 axb5 16. Qe2 c6 17. g4 Qd7 18. e4 Nb3 19. Rad1 Nxd4 20. Rxd4 Qxd4 21. Nd5
Qc5 22. Rc1 Qxc1+ 23. Bxc1 exd5 24. e5 Ne4 25. Kg2 Nc5 26. Kg3 d4 27. Qa2 Nd3
0-1

[Event "Sparkassen-Open A"]
[Site "Heusenstamm, Martinsee"]
[Date "2019.11.22"]
[Round "2.4"]
[White "Nasuta, Grzegorz"]
[Black "Rempeli, Alex"]
[Result "1-0"]
[WhiteElo "2539"]
[BlackElo "2076"]
[PlyCount "71"]
[EventDate "2019.??.??"]
[WhiteTeam "Godesberger SK"]
[BlackTeam "SF Deizisau"]

1. e4 e6 2. d4 d5 3. Nc3 Nf6 4. e5 Nfd7 5. f4 c5 6. Nf3 Nc6 7. Be3 cxd4 8. Nxd4
Bc5 9. Qd2 O-O 10. O-O-O a6 11. Qf2 Qe7 12. Kb1 Nxd4 13. Bxd4 b5 14. Bd3 Bxd4
15. Qxd4 b4 16. Ne4 a5 17. Ng5 g6 18. h4 Qc5 19. Qxc5 Nxc5 20. h5 h6 21. Nf3
Kg7 22. Nh2 Ba6 23. Ng4 Rh8 24. Rh3 Bxd3 25. cxd3 a4 26. Rc1 Rac8 27. Nf6 Nb7
28. Rhh1 Rhd8 29. g4 Na5 30. hxg6 fxg6 31. f5 gxf5 32. Rcg1 f4 33. g5 h5 34. g6
Rc7 35. Rxh5 Rh8 36. Rxh8 1-0